Nueva Semana Santa para uso de los fieles (Record no. 42235)

MARC details
000 -LEADER
campo de control de longitud fija 00646nam a2200193 i 4500
001 - NÚMERO DE CONTROL
campo de control 42235
003 - IDENTIFICADOR DE NÚMERO DE CONTROL
campo de control ES-MaACL
005 - FECHA Y HORA DE LA ÚLTIMA TRANSACCIÓN
campo de control 20250814075649.0
007 - CAMPO FIJO DE DESCRIPCIÓN FÍSICA--INFORMACIÓN GENERAL
campo de control de longitud fija t|
008 - DATOS DE LONGITUD FIJA--INFORMACIÓN GENERAL
campo de control de longitud fija 030313s1958 sp ||||1| spa d
245 00 - MENCIÓN DEL TÍTULO
Título Nueva Semana Santa para uso de los fieles
Resto del título : (texto latino-castellano) conforme al decreto de la Sda. Congregación de Ritos /
Mención de responsabilidad, etc. Baltasar del Castillo.
250 ## - MENCION DE EDICION
Mención de edición 5ª ed.
260 ## - PUBLICACIÓN, DISTRIBUCIÓN, ETC.
Lugar de publicación, distribución, etc. Barcelona :
Nombre del editor, distribuidor, etc. Villamala,
Fecha de publicación, distribución, etc. [1958]
300 ## - DESCRIPCIÓN FÍSICA
Extensión 255 p. :
Otras características físicas il. ;
Dimensiones 16 cm.
650 #7 - PUNTO DE ACCESO ADICIONAL DE MATERIA--TÉRMINO DE MATERIA
Término de materia o nombre geográfico como elemento de entrada Oficios de la Semana Santa
Fuente del encabezamiento o término embne
9 (RLIN) 171166
700 1# - ENTRADA AGREGADA--NOMBRE PERSONAL
Nombre de persona Castillo, Baltasar del.
9 (RLIN) 36676
852 ## - LOCALIZACIÓN
Ubicación ES-MaACL
Número de control de estantería C-25666
Holdings
Estatus retirado Estado de pérdida Estado de daño No para préstamo Biblioteca de origen Biblioteca actual Ubicación en estantería Fecha de adquisición Fuente de adquisición Total de préstamos Signatura topográfica completa Código de barras Visto por última vez Precio de reemplazo Tipo de ítem Koha
        Biblioteca del Ateneo de Madrid Biblioteca del Ateneo de Madrid Depósito 2 17/01/2008     C-25666 1044450 23/02/2023 23/02/2023 Libro impreso